Variable cloud / (Record no. 15022)

MARC details
000 -LEADER
campo de control de longitud fija 00675nam a2200217 i 4500
001 - NÚMERO DE CONTROL
campo de control 15022
003 - IDENTIFICADOR DE NÚMERO DE CONTROL
campo de control ES-MaACL
005 - FECHA Y HORA DE LA ÚLTIMA TRANSACCIÓN
campo de control 20231222205015.0
007 - CAMPO FIJO DE DESCRIPCIÓN FÍSICA--INFORMACIÓN GENERAL
campo de control de longitud fija t|
008 - DATOS DE LONGITUD FIJA--INFORMACIÓN GENERAL
campo de control de longitud fija 991202s1995 xxk ||||1| eng d
020 ## - NÚMERO INTERNACIONAL ESTÁNDAR DEL LIBRO
Número Internacional Estándar del Libro 1-86046-062-3
080 ## - NÚMERO DE LA CLASIFICACIÓN DECIMAL UNIVERSAL
Número de la Clasificación Decimal Universal 821.134.2-31"19
100 1# - ENTRADA PRINCIPAL--NOMBRE DE PERSONA
Nombre de persona Martín Gaite, Carmen,
Fechas asociadas al nombre 1925-2000
9 (RLIN) 77496
245 10 - MENCIÓN DEL TÍTULO
Título Variable cloud /
Mención de responsabilidad, etc. Carmen Martín Gaite ; translated from the Spanish by Margaret Jull Costa.
246 3# - FORMA VARIANTE DEL TITULO
Título propio/Titulo breve Nubosidad variable
260 ## - PUBLICACIÓN, DISTRIBUCIÓN, ETC.
Lugar de publicación, distribución, etc. London :
Nombre del editor, distribuidor, etc. The Harvill Press,
Fecha de publicación, distribución, etc. [1995]
300 ## - DESCRIPCIÓN FÍSICA
Extensión 374 p. ;
Dimensiones 22 cm.
700 1# - ENTRADA AGREGADA--NOMBRE PERSONAL
Nombre de persona Jull Costa, Margaret.
9 (RLIN) 67254
852 ## - LOCALIZACIÓN
Ubicación ES-MaACL
Número de control de estantería L-22186
Sublocalización o colección R.127492
Holdings
Estatus retirado Estado de pérdida Estado de daño No para préstamo Biblioteca de origen Biblioteca actual Ubicación en estantería Fecha de adquisición Fuente de adquisición Total de préstamos Signatura topográfica completa Código de barras Visto por última vez Precio de reemplazo Tipo de ítem Koha
        Biblioteca del Ateneo de Madrid Biblioteca del Ateneo de Madrid Depósito 2 17/01/2008     L-22186 1015277 23/02/2023 23/02/2023 Libro impreso